000 00309 a2200133 4500
000 nam a22 7a 4500
100 _aPal,Amit
110 _aPal,Amit
245 _ayoga education
250 _alatest edition
260 _bkhel sahitya kendra
_c2025
264 _bkhel sahitya kendra
_c2025
942 _cBK
999 _c396268
_d396268